Statistics for Animal Crossing Species: Frog

Click here to take the quiz!

General Stats

  • This quiz has been taken 5 times
  • The average score is 14 of 20

Answer Stats

Answer% Correct
Camofrog
100%
Croque
75%
Diva
75%
Drift
75%
Frobert
75%
Gigi
75%
Henry
75%
Jambette
75%
Jeremiah
75%
Lily
75%
Prince
75%
Puddles
75%
Raddle
75%
Ribbot
75%
Tad
75%
Wart Jr.
75%
Costeau
50%
Emerald
50%
Sunny
50%
Hugh
25%

Score Distribution

Percentile by Number Answered

Percent of People with Each Score

Your Score History

You have not taken this quiz